Southville International School and Colleges
Your cart is empty.
  • Cart
  • Lists
    Public lists Eva Luna New books Lux_list list_1
    Your lists Log in to create your own lists
  • Log in to your account
  • Your cookies
  • Search history
Southville International School and Colleges
  • Advanced search
  • Recent comments
  • Most popular
  • Libraries

Log in to your account

Log in with GOOGLE


If you do not have an external account, but do have a local account, you can still log in:

  1. Home
  2. MARC view: Economics in health :
Normal view MARC view ISBD view

Economics in health : (Record no. 284358)

[ view plain ]
MARC details
000 -LEADER
fixed length control field 00989nam a22003977a 4500
003 - CONTROL NUMBER IDENTIFIER
control field OSt
005 - DATE AND TIME OF LATEST TRANSACTION
control field 20150525145017.0
008 - FIXED-LENGTH DATA ELEMENTS--GENERAL INFORMATION
fixed length control field 130128t xxu||||| |||| 00| 0 eng d
020 ## - INTERNATIONAL STANDARD BOOK NUMBER
International Standard Book Number 9715845134
050 ## - LIBRARY OF CONGRESS CALL NUMBER
Classification number RA 410
Item number .P766 2006
082 ## - DEWEY DECIMAL CLASSIFICATION NUMBER
Classification number FIL338.4
Item number P75 2006
100 ## - MAIN ENTRY--PERSONAL NAME
Personal name Policaprio, Jonas D.
245 ## - TITLE STATEMENT
Title Economics in health :
Remainder of title for the Allied Health Sciences /
Statement of responsibility, etc Policarpio, Jonas D.
260 ## - PUBLICATION, DISTRIBUTION, ETC. (IMPRINT)
Place of publication, distribution, etc Quezon City :
Name of publisher, distributor, etc C & E Pub.,
Date of publication, distribution, etc 2006.
300 ## - PHYSICAL DESCRIPTION
Extent xii, 171 pages :
Other physical details illustrations ;
Dimensions 22 cm.
500 ## - GENERAL NOTE
General note Includes bibliographical references.
526 ## - STUDY PROGRAM INFORMATION NOTE
Reading level 1210L-1700L
562 ## - COPY AND VERSION IDENTIFICATION NOTE
Number of copies 15
650 ## - SUBJECT ADDED ENTRY--TOPICAL TERM
Topical term or geographic name as entry element Health economics.
942 ## - ADDED ENTRY ELEMENTS (KOHA)
Source of classification or shelving scheme Library of Congress Classification
Koha item type Books
Call number prefix Filipininana
Holdings
Withdrawn status Lost status Source of classification or shelving scheme Damaged status Home library Current library Shelving location Date acquired Source of acquisition Total Checkouts Full call number Barcode Date last seen Price effective from Koha item type
    Library of Congress Classification   College Library College Library Filipiniana Section 05/25/2015 Library Fund   RA 410 .P766 2006 C19378 05/08/2018 05/25/2015 Books
    Library of Congress Classification   College Library College Library Filipiniana Section 05/25/2015 Library Fund   RA 410 .P766 2006 C19379 05/08/2018 05/25/2015 Books

Economics in health :

APA

Policaprio J. D., . (2006). Economics in health. Quezon City: C & E Pub.

Chicago

Policaprio Jonas D, . 2006. Economics in health. Quezon City: C & E Pub.

Harvard

Policaprio J. D., . (2006). Economics in health. Quezon City: C & E Pub.

MLA

Policaprio Jonas D, . Economics in health. Quezon City: C & E Pub. 2006.

  • Place hold
  • Print
  • Cite
  • Add to your cart (remove)
  • Save record
    BIBTEX Dublin Core MARCXML MARC (non-Unicode/MARC-8) MARC (Unicode/UTF-8) MARC (Unicode/UTF-8, Standard) MODS (XML) RIS
  • More searches
    Search for this title in:
    Other Libraries (WorldCat) Other Databases (Google Scholar) Online Stores (Bookfinder.com) Open Library (openlibrary.org)

Exporting to Dublin Core...

SOUTHVILLE LIBRARY

Southville International School and Colleges Library

1281 Tropical Ave. Cor. Luxembourg St., BF Homes International, Las Pinas City

Tel. No. 8256374 / 252358 Loc. 117/146

Powered by Koha